000 00675nam a2200289Ia 4500
005 20260324124108.0
008 008 260324s9999 xx 000 0 eng d
020 _a9781315555409
037 _aEBOOK
040 _aCRL
040 _beng
040 _cCRL
041 _2eng
041 _aeng
084 _qCRL
100 _aJ. Pedro Lorente
_91172821
245 4 _aThe Museums of Contemporary Art
245 0 _bNotion and Development
260 _bTaylor and Francis
260 _c2011
365 _a
365 _b255
856 _uhttp://www.taylorfrancis.com/books/9781315555409
942 _cEBOOK
999 _c1766931
_d1766931